Point-Scoring F1 Drivers (2001-2010) - Statistics

General Stats
  • This quiz has been taken 241 times
  • The average score is 34 of 51
Answer Stats
Total Points Driver Nat. Team(s) % Correct
829 Fernando Alonso ESP Renault / McLaren / Renault / Ferrari
100%
579 Kimi Räikkönen FIN Sauber / McLaren / Ferrari
99%
763 Michael Schumacher GER Ferrari / Mercedes
99%
243 Ralf Schumacher GER Williams / Toyota
99%
464 Felipe Massa BRA Sauber / Ferrari
98%
529 Jenson Button GBR Benetton / Renault / BAR / Honda / Brawn / McLaren
98%
381 Sebastian Vettel GER Toro Rosso / Red Bull Racing
97%
411.5 Mark Webber AUS Minardi / Jaguar / Williams / Red Bull Racing
96%
273 Robert Kubica POL Sauber / Renault
95%
515 Rubens Barrichello BRA Ferrari / Honda / Brawn / Williams
95%
496 Lewis Hamilton GBR McLaren
94%
37 Mika Häkkinen FIN McLaren
90%
241 David Coulthard GBR McLaren / Red Bull Racing
89%
217.5 Nico Rosberg GER Williams / Mercedes
89%
307 Juan Pablo Montoya COL Williams / McLaren
87%
229.5 Jarno Trulli ITA Jordan / Renault / Toyota
84%
105 Heikki Kovalainen FIN Renault / McLaren
83%
208 Giancarlo Fisichella ITA Benetton / Jordan / Sauber / Renault / Ferrari
81%
38 Jacques Villeneuve CAN BAR / Sauber
80%
44 Takuma Sato JPN Jordan / BAR / Super Aguri
79%
225 Nick Heidfeld GER Sauber / Jordan / Williams / Sauber
77%
27 Vitaly Petrov RUS Renault
75%
35 Kamui Kobayashi JPN Toyota / Sauber
73%
53 Adrian Sutil GER Spyker / Force India
72%
32 Pedro de la Rosa ESP Jaguar / McLaren / Sauber
69%
51 Timo Glock GER Jordan / Toyota
68%
14 Sébastien Buemi SUI Toro Rosso
64%
1 Jos Verstappen NED Arrows
63%
2 Mika Salo FIN Toyota
60%
19 Nelson Piquet Jr. BRA Renault
60%
22 Nico Hülkenberg GER Williams
58%
26 Vitantonio Liuzzi ITA Red Bull Racing / Toro Rosso / Force India
57%
19 Alexander Wurz AUT McLaren / Williams
56%
14 Eddie Irvine GBR Jaguar
56%
21 Heinz-Harald Frentzen GER Prost / Sauber
56%
14 Christian Klien AUT Jaguar / Red Bull Racing
51%
20 Olivier Panis FRA BAR / Toyota
50%
7 Tiago Monteiro POR Jordan
50%
9 Kazuki Nakajima JPN Williams
49%
5 Jaime Alguersuari ESP Toro Rosso
47%
5 Narain Karthikeyan IND Jordan
46%
6 Sébastien Bourdais FRA Toro Rosso
44%
1 Zsolt Baumgartner HUN Minardi
43%
5 Jean Alesi FRA Jordan
38%
4 Christijan Albers NED Minardi
33%
4 Marc Gené ESP Williams
32%
13 Cristiano da Matta BRA Toyota
28%
8 Antônio Pizzonia BRA Williams
25%
1 Ralph Firman IRL Jordan
22%
1 Justin Wilson GBR Jaguar
21%
3 Patrick Friesacher AUT Minardi
19%
No matching quizzes found
Score Distribution
Percent of People with Each Score
Percentile by Number Answered
Your Score History
You have not taken this quiz